[Event "CZE-chT2B 2223"]
[Site "Czech Republic"]
[Date "2023.03.05"]
[Round "10.8"]
[White "Goc, Vlastimil"]
[Black "Hoke, Petr"]
[Result "1-0"]
[WhiteElo "1856"]
[BlackElo "1920"]
[PlyCount "117"]
[EventDate "2022.10.16"]
[EventType "team-tourn"]
[EventRounds "11"]
[EventCountry "CZE"]
[SourceTitle "EXT 2024"]
[Source "ChessBase"]
[SourceDate "2023.10.10"]
[SourceVersion "1"]
[SourceVersionDate "2023.10.10"]
[SourceQuality "1"]
[WhiteTeam "Decin"]
[BlackTeam "Litomerice II"]
[WhiteTeamCountry "CZE"]
[BlackTeamCountry "CZE"]

1. Nf3 d6 2. d4 Nd7 3. e4 g6 4. c4 Bg7 5. Nc3 c5 6. Be3 Ngf6 7. h3 0-0 8. Be2 e5 9. dxe5 dxe5 10. Qc2 Qe7 11. Nd5 Nxd5 12. cxd5 f5 13. Rd1 Qd6 14. Nd2 f4 15. Nc4 Qe7 16. Bc1 b5 17. Na5 Qd8 18. Bd2 Qb6 19. Bg4 c4 20. Nc6 Nc5 21. Ba5 Qa6 22. Bxc8 Raxc8 23. Bb4 Nd3+ 24. Rxd3 cxd3 25. Qxd3 Rf7 26. 0-0 Re8 27. a3 Bf8 28. Bc3 Bd6 29. Rc1 Qb6 30. Ba5 Qb7 31. Nd8 Rxd8 32. Bxd8 f3 33. Bh4 fxg2 34. Rc6 Qd7 35. Kxg2 g5 36. Bg3 h5 37. Qc3 Qe7 38. Qe3 Qf6 39. Rxd6 Qxd6 40. Qxg5+ Rg7 41. Qxh5 b4 42. axb4 Qxb4 43. Qxe5 Re7 44. Qg5+ Kf7 45. Qf5+ Ke8 46. e5 Qxb2 47. d6 Qb7+ 48. Kh2 Rf7 49. Qe6+ Kf8 50. Qh6+ Kg8 51. e6 Rh7 52. Qg6+ Rg7 53. Qe8+ Kh7 54. Qh5+ Kg8 55. e7 Rxe7 56. dxe7 Qxe7 57. Qg6+ Kh8 58. Qd6 Qf7 59. Be5+ 1-0

[Event "Teplice op 8th"]
[Site "Teplice"]
[Date "2013.06.24"]
[Round "9"]
[White "Goc, Vlastimil"]
[Black "Smolik, Boris"]
[Result "0-1"]
[WhiteElo "2023"]
[BlackElo "1964"]
[PlyCount "72"]
[EventDate "2013.06.15"]
[EventType "swiss"]
[EventRounds "9"]
[EventCountry "CZE"]
[SourceTitle "CBM 155 Extra"]
[Source "ChessBase"]
[SourceDate "2013.08.26"]
[SourceVersion "1"]
[SourceVersionDate "2013.08.26"]
[SourceQuality "1"]

1. e4 c5 2. Nf3 Nc6 3. Bb5 g6 4. 0-0 Bg7 5. Re1 a6 6. Bxc6 dxc6 7. d3 e5 8. b3 Qe7 9. Bb2 f6 10. a4 Be6 11. Nbd2 Nh6 12. a5 Nf7 13. Ba3 g5 14. Nc4 h5 15. Qe2 h4 16. Nb6 Rd8 17. Na4 g4 18. Nd2 Ng5 19. Bxc5 Qf7 20. Be3 Bh6 21. Rf1 Qg6 22. g3 Nh3+ 23. Kh1 Nf4 24. Qe1 hxg3 25. fxg3 Nxd3 26. cxd3 Rxd3 27. Bxh6 Qxh6 28. Rf2 Rxg3 29. Nf1 Rh3 30. Nc5 g3 31. Rg2 Bg4 32. Qd2 Qxd2 33. Nxd2 Rxh2+ 34. Rxh2 Rxh2+ 35. Kg1 Rxd2 36. Nxb7 Bf3 0-1

[Event "Teplice op 8th"]
[Site "Teplice"]
[Date "2013.06.22"]
[Round "8"]
[White "Skuthan, Jiri"]
[Black "Goc, Vlastimil"]
[Result "0-1"]
[WhiteElo "1826"]
[BlackElo "2023"]
[PlyCount "58"]
[EventDate "2013.06.15"]
[EventType "swiss"]
[EventRounds "9"]
[EventCountry "CZE"]
[SourceTitle "CBM 155 Extra"]
[Source "ChessBase"]
[SourceDate "2013.08.26"]
[SourceVersion "1"]
[SourceVersionDate "2013.08.26"]
[SourceQuality "1"]

1. e4 c5 2. Nf3 d6 3. d4 cxd4 4. Nxd4 Nf6 5. Nc3 a6 6. Bc4 e6 7. Bb3 Be7 8. Be3 Qc7 9. Qe2 0-0 10. 0-0-0 b5 11. f4 b4 12. Na4 Nxe4 13. f5 d5 14. fxe6 fxe6 15. Rhf1 Nc6 16. Nxc6 Qxc6 17. Nb6 Rxf1 18. Rxf1 Rb8 19. Qf3 Bf6 20. Na4 Bd7 21. g4 Rf8 22. Qg2 Bg5 23. Rxf8+ Kxf8 24. Bxg5 Nxg5 25. Qf2+ Kg8 26. Qf4 Ne4 27. Qb8+ Kf7 28. Qxb4 Qc7 29. h4 Qf4+ 0-1

[Event "Teplice op 8th"]
[Site "Teplice"]
[Date "2013.06.21"]
[Round "7"]
[White "Goc, Vlastimil"]
[Black "Frijling, Jeroen"]
[Result "1/2-1/2"]
[WhiteElo "2023"]
[BlackElo "1826"]
[PlyCount "105"]
[EventDate "2013.06.15"]
[EventType "swiss"]
[EventRounds "9"]
[EventCountry "CZE"]
[SourceTitle "CBM 155 Extra"]
[Source "ChessBase"]
[SourceDate "2013.08.26"]
[SourceVersion "1"]
[SourceVersionDate "2013.08.26"]
[SourceQuality "1"]

1. e4 c5 2. Nf3 Nc6 3. Nc3 e5 4. Bc4 Be7 5. d3 Nf6 6. a4 d6 7. h3 0-0 8. 0-0 Nd4 9. Bg5 Be6 10. Bxf6 Bxf6 11. Bd5 Qd7 12. Nh2 Bg5 13. Ng4 Rab8 14. Ne3 Bxh3 15. Qh5 Bxe3 16. fxe3 Bg4 17. Qxf7+ Rxf7 18. Rxf7 Qxf7 19. Bxf7+ Kxf7 20. exd4 cxd4 21. Rf1+ Kg6 22. Nb5 Rc8 23. Nxd6 Rxc2 24. Nc4 Be6 25. Nxe5+ Kh6 26. Nf3 Rxb2 27. Nxd4 Ba2 28. Nf5+ Kg6 29. Nd6 Rd2 30. Ra1 Rxd3 31. Nxb7 Rd2 32. Nd6 Rxd6 33. Rxa2 Rd4 34. a5 Rxe4 35. a6 Re6 36. Ra5 Kf6 37. Kf2 Re5 38. Ra2 h5 39. Kf3 g5 40. g3 Ke6 41. Ra1 Kd6 42. g4 h4 43. Kg2 Kc6 44. Rf1 Kb5 45. Rf6 Rc5 46. Rg6 Rc2+ 47. Kg1 Rc5 48. Kg2 Kc4 49. Rg7 Kd3 50. Rxa7 Ke3 51. Rf7 Ra5 52. a7 Ke4 53. Kg1 1/2-1/2

[Event "Teplice op 8th"]
[Site "Teplice"]
[Date "2013.06.20"]
[Round "6"]
[White "Hanzlik, David"]
[Black "Goc, Vlastimil"]
[Result "1/2-1/2"]
[WhiteElo "1820"]
[BlackElo "2023"]
[PlyCount "47"]
[EventDate "2013.06.15"]
[EventType "swiss"]
[EventRounds "9"]
[EventCountry "CZE"]
[SourceTitle "CBM 155 Extra"]
[Source "ChessBase"]
[SourceDate "2013.08.26"]
[SourceVersion "1"]
[SourceVersionDate "2013.08.26"]
[SourceQuality "1"]

1. f4 Nf6 2. b3 g6 3. Bb2 Bg7 4. e3 0-0 5. Nf3 Nc6 6. Bb5 d5 7. 0-0 Bf5 8. Bxc6 bxc6 9. d3 c5 10. Nbd2 Ng4 11. Bxg7 Kxg7 12. Qe2 d4 13. e4 Be6 14. Ne5 Ne3 15. Rfc1 Qd6 16. Qf2 g5 17. g3 gxf4 18. Qxf4 Kh8 19. Nf1 f6 20. Ng6+ hxg6 21. Qh6+ Kg8 22. Qxg6+ Kh8 23. Qh6+ Kg8 24. Qg6+ 1/2-1/2

[Event "Teplice op 8th"]
[Site "Teplice"]
[Date "2013.06.18"]
[Round "4"]
[White "Goc, Vlastimil"]
[Black "Horak, Jiri"]
[Result "0-1"]
[WhiteElo "2023"]
[BlackElo "2196"]
[PlyCount "50"]
[EventDate "2013.06.15"]
[EventType "swiss"]
[EventRounds "9"]
[EventCountry "CZE"]
[SourceTitle "CBM 155 Extra"]
[Source "ChessBase"]
[SourceDate "2013.08.26"]
[SourceVersion "1"]
[SourceVersionDate "2013.08.26"]
[SourceQuality "1"]

1. e4 e5 2. Nf3 Nc6 3. Bb5 Nf6 4. d3 d6 5. 0-0 Be7 6. h3 0-0 7. a3 a6 8. Bc4 b5 9. Ba2 Bb7 10. Re1 h6 11. Nbd2 Re8 12. Nf1 Bf8 13. Ng3 d5 14. exd5 Nxd5 15. Ne4 Nf6 16. Ng3 Qd7 17. b4 Nd4 18. Nxe5 Rxe5 19. Rxe5 Bd6 20. Re3 Qc6 21. Ne4 Bf4 22. Re2 Nxe2+ 23. Qxe2 Nxe4 24. dxe4 Qc3 25. Rb1 Bxc1 0-1

[Event "Teplice op 8th"]
[Site "Teplice"]
[Date "2013.06.17"]
[Round "3"]
[White "Riha, Jaroslav"]
[Black "Goc, Vlastimil"]
[Result "1/2-1/2"]
[WhiteElo "2035"]
[BlackElo "2023"]
[PlyCount "61"]
[EventDate "2013.06.15"]
[EventType "swiss"]
[EventRounds "9"]
[EventCountry "CZE"]
[SourceTitle "CBM 155 Extra"]
[Source "ChessBase"]
[SourceDate "2013.08.26"]
[SourceVersion "1"]
[SourceVersionDate "2013.08.26"]
[SourceQuality "1"]

1. c4 Nf6 2. g3 e6 3. Bg2 d5 4. Nf3 c6 5. Qc2 Bd6 6. d4 0-0 7. 0-0 Nbd7 8. Nbd2 Re8 9. e4 Nxe4 10. Nxe4 dxe4 11. Qxe4 e5 12. dxe5 Nxe5 13. Rd1 Nxf3+ 14. Qxf3 Qc7 15. Be3 Be6 16. b3 a5 17. a4 Rad8 18. Rac1 Ba3 19. Rb1 Rxd1+ 20. Rxd1 Rd8 21. Bf4 Rxd1+ 22. Qxd1 Qe7 23. h4 Bb4 24. Qc2 h6 25. Be4 Bd6 26. Qd2 Bb4 27. Qd4 Bc8 28. Qd3 Bc5 29. Kg2 Qd7 30. Qc3 Qd4 31. Qxd4 1/2-1/2